| 000 | 00951nam a2200385Ia 4500 | ||
|---|---|---|---|
| 001 | 41920 | ||
| 005 | 20240114003443.0 | ||
| 007 | ta | ||
| 008 | 080528s2003 g b000 u 903 u | ||
| 020 | _c350.00 (Paper Back) | ||
| 040 | _aCotton College,Assam | ||
| 041 | _a903 | ||
| 082 |
_a954.162 _bBa 23 Co |
||
| 100 | _aBorpujari, H.K . | ||
| 245 | 0 |
_aThe Comprehensive History of Assam / _cH.K.Borpujari. _hTextual Documents |
|
| 250 | _a2nd ed / | ||
| 260 |
_aGuwahati : _bPublication board Assam , _c2003. |
||
| 300 |
_a433pg ; _c25cm. |
||
| 362 | _aVol- II- | ||
| 365 | _a350.00 | ||
| 653 | _aHistory - Assam | ||
| 653 | _aAssam History | ||
| 653 | _aPG- History | ||
| 653 | _aMS- History | ||
| 653 | _aG- History | ||
| 942 |
_2ddc _cBK |
||
| 999 |
_c41886 _d41886 |
||